[Event "Zaporozhye Ermak Cup 7th"]
[Site "Zaporozhye"]
[Date "2011.06.28"]
[Round "5"]
[White "Jarovinsky, Alexey"]
[Black "Burlai, Oleg"]
[Result "1-0"]
[WhiteElo "2309"]
[BlackElo "2347"]
[PlyCount "83"]
[EventDate "2011.06.25"]
[EventType "swiss"]
[EventRounds "9"]
[EventCountry "UKR"]
[SourceTitle "CBM 143 Extra"]
[Source "ChessBase"]
[SourceDate "2011.08.29"]
[SourceVersion "1"]
[SourceVersionDate "2011.08.29"]
[SourceQuality "1"]

1. Nf3 Nf6 2. g3 b6 3. Bg2 Bb7 4. 0-0 e6 5. d3 d5 6. Nbd2 Nbd7 7. Re1 Bc5 8. Nb3 Bd6 9. e4 dxe4 10. Nfd2 Nc5 11. dxe4 e5 12. Nxc5 Bxc5 13. Qe2 0-0 14. Nc4 Qe7 15. Ne3 g6 16. Nd5 Nxd5 17. exd5 Rfe8 18. Bh6 a5 19. Rad1 f6 20. h4 Qf7 21. Be3 Bd6 22. Qd2 Rad8 23. a3 e4 24. c4 Bf8 25. Kh2 f5 26. f3 exf3 27. Bxf3 Bg7 28. b4 axb4 29. axb4 Rd7 30. Bf4 Red8 31. b5 Re8 32. Rxe8+ Qxe8 33. Re1 Qf7 34. Qa2 Qf8 35. Qa7 Qc8 36. Re6 Bf8 37. Qa2 Re7 38. c5 Rxe6 39. dxe6 Bxf3 40. e7+ Kg7 41. Be5+ Kh6 42. Qd2+ 1-0

[Event "UKR-ch sf"]
[Site "Alushta"]
[Date "2011.05.07"]
[Round "5"]
[White "Burlai, Oleg"]
[Black "Muhtarov, Leonid"]
[Result "1-0"]
[WhiteElo "2347"]
[BlackElo "2131"]
[PlyCount "71"]
[EventDate "2011.05.03"]
[EventType "swiss"]
[EventRounds "9"]
[EventCountry "UKR"]
[SourceTitle "CBM 142 Extra"]
[Source "ChessBase"]
[SourceDate "2011.06.27"]
[SourceVersion "1"]
[SourceVersionDate "2011.06.27"]
[SourceQuality "1"]

1. e4 c5 2. Nf3 e6 3. d3 Nc6 4. g3 Nf6 5. Bg2 d6 6. 0-0 Be7 7. c3 0-0 8. Nbd2 Rb8 9. Re1 b5 10. d4 cxd4 11. cxd4 Qb6 12. Nf1 d5 13. e5 Ne4 14. Be3 Bd7 15. N1d2 Nxd2 16. Nxd2 Na5 17. b3 Rfc8 18. Bf1 Ba3 19. Bd3 Nc6 20. Qg4 Bb2 21. Nf3 Bxa1 22. Rxa1 Nb4 23. Bh6 g6 24. Bf1 Rc2 25. Ng5 Be8 26. Qf4 Qd8 27. Nxh7 Kxh7 28. Bg5 Qxg5 29. Qxg5 Nxa2 30. h4 Rb2 31. h5 Rb7 32. h6 Bc6 33. Qf6 Kxh6 34. Qh8+ Kg5 35. Qh4+ Kf5 36. Bd3# 1-0

[Event "Zaporozhye Ermak Cup 6th"]
[Site "Zaporozhye"]
[Date "2010.06.26"]
[Round "6"]
[White "Kushch, Nikolai"]
[Black "Burlai, Oleg"]
[Result "1/2-1/2"]
[WhiteElo "2419"]
[BlackElo "2346"]
[PlyCount "103"]
[EventDate "2010.06.23"]
[EventType "swiss"]
[EventRounds "9"]
[EventCountry "UKR"]
[SourceTitle "CBM 137 Extra"]
[Source "ChessBase"]
[SourceDate "2010.09.01"]
[SourceVersion "1"]
[SourceVersionDate "2010.09.01"]
[SourceQuality "1"]

1. Nf3 Nf6 2. c4 g6 3. b4 Bg7 4. Bb2 0-0 5. d4 b6 6. e3 c5 7. a3 d5 8. Nbd2 cxd4 9. exd4 dxc4 10. Bxc4 Bb7 11. 0-0 Bd5 12. Ne5 Nc6 13. Ba6 Nb8 14. Bb5 Ne8 15. Rc1 Nd6 16. Bd3 f6 17. Nec4 Bh6 18. Ne3 Bb7 19. Bb1 e6 20. Ba2 Re8 21. Re1 Qd7 22. Nf3 Na6 23. Rc2 Bg7 24. Ne5 Qb5 25. Nd3 Rac8 26. Nf4 Rxc2 27. Qxc2 Bc8 28. Bb3 Bd7 29. Qb1 Kh8 30. Qa2 e5 31. dxe5 fxe5 32. Nfd5 Bc8 33. Qa1 Qd7 34. Rd1 Nc7 35. Nxc7 Qxc7 36. Nd5 Qb7 37. f4 Nf7 38. fxe5 Nxe5 39. Ne3 Qe7 40. Re1 Bb7 41. Bc2 Qh4 42. Re2 Be4 43. Ba4 Re7 44. Nf1 h6 45. Ng3 Ng4 46. Bxg7+ Rxg7 47. Nf1 Bd3 48. g3 Qf6 49. Qxf6 Nxf6 50. Rd2 Bf5 51. Ne3 Be4 52. Bc2 1/2-1/2

[Event "Zaporozhye Ermak Cup 6th"]
[Site "Zaporozhye"]
[Date "2010.06.23"]
[Round "2"]
[White "Burlai, Oleg"]
[Black "Maxutov, Sergei"]
[Result "1-0"]
[WhiteElo "2346"]
[BlackElo "2223"]
[PlyCount "97"]
[EventDate "2010.06.23"]
[EventType "swiss"]
[EventRounds "9"]
[EventCountry "UKR"]
[SourceTitle "CBM 137 Extra"]
[Source "ChessBase"]
[SourceDate "2010.09.01"]
[SourceVersion "1"]
[SourceVersionDate "2010.09.01"]
[SourceQuality "1"]

1. d4 Nf6 2. Nf3 e6 3. e3 b6 4. Bd3 Bb7 5. 0-0 d6 6. c4 Nbd7 7. Nc3 Be7 8. e4 e5 9. d5 a5 10. b3 0-0 11. a3 Nc5 12. Bc2 Bc8 13. Ne1 Bg4 14. f3 Bh5 15. Be3 Ne8 16. b4 Nd7 17. Ba4 axb4 18. axb4 Bg6 19. g4 h6 20. Nd3 Nef6 21. Qd2 Nh7 22. Bc6 Rxa1 23. Rxa1 Nb8 24. Kg2 Nxc6 25. dxc6 Ng5 26. Nf2 Ne6 27. Nd5 Bg5 28. Ra7 Qb8 29. Qa2 Bxe3 30. Nxe3 f6 31. Nd3 Nd4 32. b5 Bf7 33. Rb7 Qa8 34. Qa7 Qxa7 35. Rxa7 Rc8 36. Nb4 h5 37. h3 hxg4 38. hxg4 Kh7 39. Ned5 Bxd5 40. exd5 f5 41. gxf5 Nxf5 42. Na6 Ne3+ 43. Kf2 Nxc4 44. Nxc7 Na3 45. Rxa3 Rxc7 46. Ra6 Kg6 47. Rxb6 Ra7 48. Ra6 Rf7 49. Ke3 1-0

[Event "UKR Games (Men) 3rd"]
[Site "Evpatoria"]
[Date "2007.05.23"]
[Round "4"]
[White "Baklan, Vladimir"]
[Black "Burlai, Oleg"]
[Result "1-0"]
[WhiteElo "2618"]
[BlackElo "2346"]
[PlyCount "79"]
[EventDate "2007.05.21"]
[EventType "team"]
[EventRounds "7"]
[EventCountry "UKR"]
[SourceTitle "CBM 118 Extra"]
[Source "ChessBase"]
[SourceDate "2007.07.04"]
[SourceVersion "1"]
[SourceVersionDate "2007.07.04"]
[SourceQuality "1"]

1. e4 e6 2. d4 d5 3. Nc3 Nf6 4. Bg5 dxe4 5. Nxe4 Be7 6. Bxf6 Bxf6 7. Nf3 0-0 8. Qd2 b6 9. 0-0-0 Bb7 10. Bd3 Nd7 11. Qe2 Be7 12. Ne5 Nf6 13. Ng5 h6 14. h4 c5 15. c3 cxd4 16. Qc2 hxg5 17. hxg5 Ne4 18. Bxe4 Bxg5+ 19. Kb1 Bxe4 20. Qxe4 f5 21. Qe2 Qe8 22. cxd4 Rc8 23. Rhe1 Qd8 24. g4 fxg4 25. Nxg4 Qd5 26. a3 Rf4 27. Ka1 Qf5 28. Ne3 Qf7 29. d5 exd5 30. Nxd5 Rfc4 31. f4 Bf6 32. Qd3 Rc2 33. Nxf6+ Qxf6 34. Qd5+ Kf8 35. Re5 R2c5 36. Qh1 Kg8 37. Rxc5 bxc5 38. Qb7 Rf8 39. Qd5+ Rf7 40. Re1 1-0

[Event "UKR Games (Men) 3rd"]
[Site "Evpatoria"]
[Date "2007.05.22"]
[Round "3"]
[White "Burlai, Oleg"]
[Black "Vypkhaniuk, Igor"]
[Result "1/2-1/2"]
[WhiteElo "2346"]
[BlackElo "2270"]
[PlyCount "95"]
[EventDate "2007.05.21"]
[EventType "team"]
[EventRounds "7"]
[EventCountry "UKR"]
[SourceTitle "CBM 118 Extra"]
[Source "ChessBase"]
[SourceDate "2007.07.04"]
[SourceVersion "1"]
[SourceVersionDate "2007.07.04"]
[SourceQuality "1"]

1. d4 Nf6 2. Nc3 e6 3. e4 d5 4. e5 Nfd7 5. Nf3 c5 6. dxc5 Bxc5 7. Bd3 Nc6 8. Qe2 a6 9. Bf4 Nf8 10. h4 Ng6 11. Bg3 Nge7 12. Qd2 Bb4 13. a3 Qa5 14. 0-0 Bxc3 15. bxc3 h6 16. Bf4 Ng6 17. Bh2 Nge7 18. Rfd1 Bd7 19. c4 Qxd2 20. Rxd2 0-0 21. Rb1 Na5 22. cxd5 exd5 23. Nd4 Rac8 24. f4 Nec6 25. Nf5 Bxf5 26. Bxf5 Rcd8 27. Rd3 g6 28. Bg4 h5 29. Bf3 Ne7 30. Bg3 Rd7 31. Be1 Nac6 32. Bf2 Rc8 33. Rc3 d4 34. Rc5 b5 35. g4 hxg4 36. Bxg4 Nf5 37. h5 Nce7 38. Rxc8+ Nxc8 39. hxg6 fxg6 40. Rd1 Nce7 41. c3 d3 42. Bd4 Nd5 43. e6 Re7 44. Bxf5 gxf5 45. Be5 Rxe6 46. Rxd3 Ne7 47. Rd8+ Kf7 48. Rd7 1/2-1/2

[Event "UKR-ch KO 74th"]
[Site "Rivne"]
[Date "2005.08.25"]
[Round "1.2"]
[White "Borovikov, Vladislav"]
[Black "Burlai, Oleg"]
[Result "1-0"]
[WhiteElo "2595"]
[BlackElo "2344"]
[PlyCount "59"]
[EventDate "2005.08.24"]
[EventType "k.o."]
[EventRounds "5"]
[EventCountry "UKR"]
[SourceTitle "CBM 109"]
[Source "ChessBase"]
[SourceDate "2005.11.14"]
[SourceVersion "1"]
[SourceVersionDate "2005.11.14"]
[SourceQuality "1"]

1. d4 Nf6 2. Nf3 g6 3. c4 Bg7 4. g3 0-0 5. Bg2 d5 6. cxd5 Nxd5 7. 0-0 Nb6 8. Nc3 Nc6 9. d5 Na5 10. Qc2 c6 11. dxc6 Nxc6 12. Rd1 Qc7 13. Nb5 Qb8 14. Bf4 e5 15. Be3 Bf5 16. Qc5 Nc8 17. Ng5 a6 18. Nc3 N8e7 19. Nd5 Nxd5 20. Bxd5 Nd8 21. Rac1 h6 22. Ne4 Be6 23. Qb6 Bxd5 24. Rxd5 Ne6 25. Rd7 Rc8 26. Rxc8+ Qxc8 27. Rxf7 Rb8 28. Re7 Nf8 29. Qb3+ Kh8 30. Qf7 1-0

[Event "UKR-ch KO 74th"]
[Site "Rivne"]
[Date "2005.08.24"]
[Round "1.1"]
[White "Burlai, Oleg"]
[Black "Borovikov, Vladislav"]
[Result "1/2-1/2"]
[WhiteElo "2344"]
[BlackElo "2595"]
[PlyCount "43"]
[EventDate "2005.08.24"]
[EventType "k.o."]
[EventRounds "5"]
[EventCountry "UKR"]
[SourceTitle "CBM 109"]
[Source "ChessBase"]
[SourceDate "2005.11.14"]
[SourceVersion "1"]
[SourceVersionDate "2005.11.14"]
[SourceQuality "1"]

1. e4 c5 2. b3 e6 3. Nf3 d6 4. c4 Nf6 5. Nc3 Nc6 6. Be2 Nd4 7. 0-0 Be7 8. d3 0-0 9. Nxd4 cxd4 10. Nb5 e5 11. f4 a6 12. Na3 Rb8 13. Nc2 b5 14. Bd2 Bb7 15. Bg4 bxc4 16. bxc4 Nxg4 17. Qxg4 Bc8 18. Qe2 Rb2 19. Bc1 Rb7 20. Bd2 Rb2 21. Bc1 Rb7 22. Bd2 1/2-1/2

[Event "UKR-ch sf"]
[Site "Alushta"]
[Date "2005.05.22"]
[Round "7"]
[White "Trembach, Valeriy"]
[Black "Burlai, Oleg"]
[Result "0-1"]
[WhiteElo "2193"]
[BlackElo "2324"]
[PlyCount "126"]
[EventDate "2005.05.16"]
[EventType "swiss"]
[EventRounds "9"]
[EventCountry "UKR"]
[SourceTitle "CBM 106 Extra"]
[Source "ChessBase"]
[SourceDate "2005.07.01"]
[SourceVersion "1"]
[SourceVersionDate "2005.07.01"]
[SourceQuality "1"]

1. d4 e6 2. Nf3 d5 3. e3 c5 4. Bd3 Nc6 5. 0-0 Nf6 6. b3 Bd6 7. Bb2 0-0 8. Ne5 Qc7 9. f4 cxd4 10. exd4 Nb4 11. Nd2 Nxd3 12. cxd3 a5 13. a3 Ne8 14. g3 f6 15. Ng4 Qf7 16. Nf3 Nc7 17. Ne3 Qe7 18. Re1 Qd8 19. Nh4 Re8 20. Qh5 Bd7 21. Rac1 Ra6 22. Qd1 Rc6 23. f5 Rxc1 24. Bxc1 e5 25. dxe5 Bxe5 26. d4 Bd6 27. Bd2 b6 28. a4 Re4 29. Nc2 Qe7 30. Kf2 Bc8 31. Qf3 Bd7 32. Ng2 Bc6 33. Nge3 Qe8 34. Nd1 Rxe1 35. Bxe1 Qd7 36. Nc3 Be7 37. Bd2 Ne8 38. Ne3 Bb4 39. Nb1 Nd6 40. Bxb4 Ne4+ 41. Kg2 axb4 42. Qf4 Qc8 43. Nc2 Bxa4 44. Nxb4 Bxb3 45. Nd2 Nxd2 46. Qxd2 Qxf5 47. Qf4 Qxf4 48. gxf4 Kf7 49. Kf3 Ke6 50. Kg4 Bd1+ 51. Kg3 Bh5 52. f5+ Kxf5 53. Nxd5 b5 54. Kf2 Bf7 55. Nc7 b4 56. Ke3 g5 57. Kd3 h5 58. Nb5 Bd5 59. Nc7 Bg8 60. d5 Ke5 61. Kc4 Ke4 62. Kxb4 Bxd5 63. Kc3 h4 0-1

[Event "Voronezh op 3rd"]
[Site "Voronezh"]
[Date "1999.06.15"]
[Round "4"]
[White "Burlai, Oleg"]
[Black "Lukovnikov, Alexander"]
[Result "1/2-1/2"]
[WhiteElo "2405"]
[BlackElo "2295"]
[PlyCount "113"]
[EventDate "1999.06.??"]
[EventType "swiss"]
[EventRounds "9"]
[EventCountry "RUS"]
[SourceTitle "EXT 2000"]
[Source "ChessBase"]
[SourceDate "1999.11.16"]
[SourceVersion "1"]
[SourceVersionDate "1999.11.16"]
[SourceQuality "1"]

1. d4 Nf6 2. Nc3 c5 3. dxc5 e6 4. e4 Qa5 5. Bd3 Nc6 6. Nf3 Bxc5 7. 0-0 Qc7 8. Bg5 a6 9. Bh4 Bd6 10. Bg3 Bxg3 11. hxg3 0-0 12. Re1 d6 13. Qe2 Ne5 14. Nxe5 dxe5 15. Nd1 b6 16. Ne3 Bb7 17. f3 Nd7 18. Rad1 Nc5 19. Rd2 b5 20. Red1 Qb6 21. Kh2 Rad8 22. c3 Rd6 23. Bc2 Rfd8 24. b4 Rxd2 25. Rxd2 Nd7 26. Qd3 Kf8 27. a3 Ke7 28. c4 Nf6 29. Qxd8+ Qxd8 30. Rxd8 Kxd8 31. Kg1 Kc7 32. Kf2 Nd7 33. Bd3 Kb6 34. Ke2 Nb8 35. Kd2 Nc6 36. Kc3 Bc8 37. Bc2 Nd4 38. Bd3 Nc6 39. Kb3 Nd4+ 40. Kc3 Nc6 41. Nd1 Bd7 42. Nb2 f6 43. a4 Nd4 44. axb5 axb5 45. f4 h5 46. fxe5 fxe5 47. cxb5 Bxb5 48. Bc4 g5 49. Kd2 Nc6 50. Bxb5 Kxb5 51. Nd3 Kc4 52. Ke3 g4 53. Nc5 Nxb4 54. Nxe6 Nc2+ 55. Kd2 Nb4 56. Ke3 Nc2+ 57. Kd2 1/2-1/2

[Event "Voronezh op 3rd"]
[Site "Voronezh"]
[Date "1999.??.??"]
[Round "8"]
[White "Burlai, Oleg"]
[Black "Manelis, Vladimir"]
[Result "1-0"]
[WhiteElo "2405"]
[BlackElo "2235"]
[PlyCount "101"]
[EventDate "1999.06.??"]
[EventType "swiss"]
[EventRounds "9"]
[EventCountry "RUS"]
[SourceTitle "EXT 2001"]
[Source "ChessBase"]
[SourceDate "2000.11.22"]
[SourceVersion "1"]
[SourceVersionDate "2000.11.22"]
[SourceQuality "1"]

1. e4 e6 2. d4 d5 3. Nc3 Nf6 4. e5 Nfd7 5. Nce2 c5 6. c3 Nc6 7. f4 b5 8. a3 a5 9. Nf3 b4 10. axb4 cxb4 11. g3 Ba6 12. f5 exf5 13. Nf4 Bxf1 14. Kxf1 Nb6 15. Qd3 Qd7 16. Kg2 Be7 17. h4 0-0 18. Ng5 b3 19. Nxf7 Nd8 20. Ng5 Nc4 21. Qf3 Ra6 22. Nxd5 Bxg5 23. hxg5 Ne6 24. Nb4 Rb6 25. Nd3 Rb5 26. Kg1 g6 27. Kg2 Rd8 28. Bf4 Rd5 29. Qe2 Qc6 30. Kh2 R8d7 31. Rhd1 Nb6 32. Ne1 Nc4 33. Ng2 Rc7 34. Ne1 Rb7 35. Nd3 Rbd7 36. Nc5 Nxc5 37. Qxc4 Qa6 38. Qxa6 Nxa6 39. Ra3 Nb8 40. Rxb3 Nc6 41. Ra1 Rc7 42. Rb6 Nd8 43. Ra3 Rc4 44. Kg2 Nc6 45. Be3 a4 46. Kf3 Kf7 47. Ke2 Ke7 48. Ra2 Na5 49. Kd3 Rc6 50. Rb4 Nb3 51. Kc2 1-0